Capoluoghi di Provincia e Regioni - Quiz n°4 - Statistics

Statistiche generali
  • Questo quiz è stato fatto 68 volte
  • Il punteggio medio è 10 su 10
Statistiche sulle risposte
Hint Risposta % Corretto
Alessandria Piemonte
100%
Messina Sicilia
100%
Reggio Emilia Emilia-Romagna
98%
Lecce Puglia
98%
Agrigento Sicilia
98%
Verona Veneto
98%
Forlì Emilia-Romagna
96%
Pistoia Toscana
96%
Terni Umbria
92%
Rieti Lazio
88%
Nessun quiz corrispondente trovato
Distribuzione punteggi
Percentuale di utenti per punteggio
Percentile per numero di risposta
I tuoi punteggi nel tempo
Non hai fatto questo quiz